Ke thopile chibena! / (Record no. 789276)

MARC details
000 -LEADER
fixed length control field 00627nam a22002057b 4500
003 - CONTROL NUMBER IDENTIFIER
control field 3228
005 - DATE AND TIME OF LATEST TRANSACTION
control field 20251117100703.0
008 - FIXED-LENGTH DATA ELEMENTS--GENERAL INFORMATION
fixed length control field 251117b sa ||||| |||| 00| 0 eng d
020 ## - INTERNATIONAL STANDARD BOOK NUMBER
International Standard Book Number 9781779800404(paperback)
040 ## - CATALOGING SOURCE
Language of cataloging English
Transcribing agency 3228
Description conventions Resource Description and Access
041 ## - LANGUAGE CODE
Language code of text/sound track or separate title Sepedi
082 #0 - DEWEY DECIMAL CLASSIFICATION NUMBER
Classification number NSO KF BOSA
100 ## - MAIN ENTRY--PERSONAL NAME
9 (RLIN) 197797
Personal name Bosa, Subi
245 ## - TITLE STATEMENT
Title Ke thopile chibena! /
Statement of responsibility, etc. Matemane Lekganyane
260 ## - PUBLICATION, DISTRIBUTION, ETC.
Place of publication, distribution, etc. Centurion Randjes Park /
Name of publisher, distributor, etc. Qualibooks publishing,
Date of publication, distribution, etc. 2022.
300 ## - PHYSICAL DESCRIPTION
Extent 8 pages :
Other physical details Illustrations, colour ;
Dimensions 21 cm
521 ## - TARGET AUDIENCE NOTE
Target audience note Kids
700 ## - ADDED ENTRY--PERSONAL NAME
9 (RLIN) 197538
Personal name Subi Bosa
Relator term Illustrator
942 ## - ADDED ENTRY ELEMENTS
Source of classification or shelving scheme Dewey Decimal Classification
item type Book
Classification part NSO KF BOSA
-- 166
-- Thoko Moyakene
-- 166
-- Thoko Moyakene
Holdings
Withdrawn status Lost status Source of classification or shelving scheme Damaged status Not for loan Collection code Home library Current library Shelving location Date acquired Total Checkouts Full call number Barcode Date last seen Price effective from item type
    Dewey Decimal Classification     Fiction KWAMHLANGA REGIONAL LIBRARY SIYABUSWA Children's Area 17.11.2025   NSO KF BOSA 33228024462580 17.11.2025 17.11.2025 Book